000 00514nam a2200193Ia 4500
999 _c34176
_d34176
003 OSt
005 20200903142823.0
008 190216s9999||||xx |||||||||||||| ||und||
020 _a9788181473264
040 _coclc
082 _a530.13
_bPAT/S
100 _aPathria, R K
_94413
245 0 _aStatistical Mechanics /
_cR K Pathria
250 _a2nd Ed.
260 _bElsevier,
_aNoida:
_c2008.
300 _a529p
650 _aPhysics
942 _cBK
_2ddc
_h530.13
_iPAT/S
_k530.13
_mPAT/S